Riziko vzniku bilančných podvodov v praxi podnikov bakalárska práca

Saved in:
Bibliographic Details
Main Author: Kozmaová, Renáta
Corporate Author: Fakulta hospodárskej informatiky EU. Katedra účtovníctva a audítorstva
Other Authors: Tumpach, Miloš, 1970-
Format: Book
Language:Slovak
Published: Bratislava 2019
Tags: Add Tag
No Tags, Be the first to tag this record!

MARC

LEADER 00000nbm a2200000 4500
001 0255873
005 20191219121210.1
041 0 |a slo 
044 |a SK 
245 1 0 |a Riziko vzniku bilančných podvodov v praxi podnikov  |b bakalárska práca  |c Renáta Kozmaová ; školiteľ: Miloš Tumpach 
264 1 |a Bratislava  |c 2019 
300 |a 41 s. 
100 1 |a Kozmaová, Renáta 
700 1 |a Tumpach, Miloš, 1970- 
710 2 |a Fakulta hospodárskej informatiky EU. Katedra účtovníctva a audítorstva